Stručný životopis ; chronologický zoznam diel (ESD)

Bibliographic Details
Format: Article
Language:Slovak
ISSN:1335-2458
Subjects:

MARC

LEADER 00000nab a2200000 a 4500
001 vtls000665673
003 SK-MaSNL
005 20260304090536.0
008 250425c1998 xo 0 slo
015 |a SNBRB1998/06-16199 
035 |a CLN000017858 
035 |a (urnnbn)urn:nbn:sk:snk:ar-002j6u 
035 |a (uuid)a5da12a5-89d3-45ab-b98b-2982fdeaf235 
035 |a urn:nbn:sk:snk-ab7sfb 
040 |a SNKBUCL  |b slo  |c SNKBUCL  |e AACR2 
041 0 |a slo 
044 |a xo  |c SK 
080 |a 78.071.1  |2 1997 
080 |a 929 Suchoň, Eugen  |2 1997 
245 0 0 |a Stručný životopis ; chronologický zoznam diel (ESD) 
600 1 7 |a Suchoň, Eugen,  |d 1908-1993  |2 snkbucl  |9 107916 
655 7 |a články z novín a časopisov  |2 snkbucl  |9 267496 
773 0 |t Slovenská hudba  |g Roč. 24, č. 1-2 (1998), s. 166-201  |x 1335-2458 
850 |a Slovenská národná knižnica 
852 |a Slovenská národná knižnica 
954 |a odborná, vedecká literatúra pôvodná (slovenská)  |2 lita 
958 |a article9 
958 |a OND 
958 |a SK 
958 |a BX 
958 |a EUIPO 
992 |a RBX 
999 |c 2811772  |d 2813702